00249nam a2200085Ia 450000100070000000500170000700800410002424500690006526000290013466366220250826160217.0250824s9999 xx 000 0 und d 0aSİHİRLİ KRALLIK ÇİÇEKLİ KULÜBE 12cROSİE BANKS bDOĞAN EGMONT YAYINLARI